[Event "Gausdal Int"]
[Site "Gausdal"]
[Date "1982.??.??"]
[Round "8"]
[White "Westerinen, Heikki MJ"]
[Black "Pirttimaki, Timo"]
[Result "1-0"]
[WhiteElo "2410"]
[BlackElo "2335"]

1.e4 e5 2.Nf3 Nc6 3.Bb5 a6 4.Ba4 Nf6 5.O-O Be7 6.Re1 b5 7.Bb3 d6 8.c3 O-O
9.h3 Bb7 10.d3 Na5 11.Bc2 c5 12.d4 Re8 13.d5 Nc4 14.a4 Nb6 15.b3 Qc7 16.Qe2 Reb8
17.Be3 Bc8 18.Nbd2 bxa4 19.bxa4 a5 20.Reb1 Bd7 21.Nc4 Nxc4 22.Qxc4 Rxb1+
23.Rxb1 Rb8 24.Qa2 Bd8 25.Nd2 Rxb1+ 26.Qxb1 Qb6 27.Qxb6 Bxb6 28.Nc4 Bc7 29.f4 exf4
30.Bxf4 Ne8 31.e5 dxe5 32.Bxe5 Bd8 33.Bb8 Nf6 34.Ne5 Bxa4 35.Bxa4 Nxd5 36.Bb3 Nxc3
37.Nxf7 a4 38.Bc4 Bf6 39.Ne5+ Kf8 40.Nd3 Bd4+ 41.Kf1 a3 42.Nc1 Be3 43.Na2 Nxa2
44.Bxa2 Ke7 45.Ke2 Bd4 46.Kd3  1-0

[Event "Gausdal Jubilee"]
[Site "Gausdal"]
[Date "1982.??.??"]
[Round "8"]
[White "Sigurjonsson, Gudmundur"]
[Black "Kraidman, Yair"]
[Result "1/2-1/2"]
[WhiteElo "2435"]
[BlackElo "2440"]

1.e4 e5 2.Nf3 Nc6 3.Bb5 a6 4.Ba4 Nf6 5.O-O Be7 6.Re1 b5 7.Bb3 d6 8.c3 O-O
9.h3 Bb7 10.d4 Re8 11.Ng5 Rf8 12.a3 Na5 13.Bc2 c5 14.Nd2 cxd4 15.cxd4 Rc8
16.Ngf3 Qc7 17.Bb1 exd4 18.Nxd4 g6 19.N2f3 d5 20.e5 Ne4 21.b3 Nc6 22.Nxc6 Qxc6
23.Bb2 Qb6 24.Bd4 Bc5 25.b4 Bxd4 26.Qxd4 Qc7 27.Bd3 Rfe8 28.a4 bxa4 29.Rxa4 Re6
30.Rea1 h6 31.Qe3 Ng5 32.Bxa6 Nxf3+ 33.Qxf3 Bxa6 34.Rxa6  1/2-1/2

[Event "Gausdal Jubilee"]
[Site "Gausdal"]
[Date "1982.??.??"]
[Round "9"]
[White "Gruenfeld, Yehuda"]
[Black "Kraidman, Yair"]
[Result "1-0"]
[WhiteElo "2505"]
[BlackElo "2440"]

1.e4 e5 2.Nf3 Nc6 3.Bb5 a6 4.Ba4 Nf6 5.O-O Be7 6.Re1 b5 7.Bb3 d6 8.c3 O-O
9.h3 Bb7 10.d4 Re8 11.a4 Bf8 12.d5 Na5 13.Ba2 c6 14.Bg5 c5 15.Nbd2 c4 16.Bb1 Be7
17.Be3 Bc8 18.axb5 axb5 19.Bc2 Bd7 20.Ra3 Nb7 21.Qa1 Qb8 22.Ba7 Qc7 23.Qa2 Rec8
24.Ra1 Be8 25.b4 cxb3 26.Qxb3 Nh5 27.Bd3 Qd7 28.c4 bxc4 29.Nxc4 Bd8 30.Qb4 g6
31.Rb1 Nc5 32.Bxc5 dxc5 33.Qb7 Rxa3 34.Nxa3 f6 35.Bc4 Kf8 36.d6 Nf4 37.Qxd7 Bxd7
38.Rb7 Ke8 39.g3 Nxh3+ 40.Kg2 Ng5 41.Nxg5 fxg5 42.Bd5 Bf6 43.Nc4 Rc6 44.Nb6 Rxb6
45.Rxb6 g4 46.Rb7 Bd8 47.Bf7+ Kxf7 48.Rxd7+ Ke8 49.Rxh7 c4 50.Kf1 Kf8 51.Rh1 Kf7
52.Ke2 Ke6 53.Rd1 Bb6 54.Rd5 c3 55.d7  1-0

[Event "Luzern ol (Men)"]
[Site "Luzern"]
[Date "1982.??.??"]
[Round "3"]
[White "Sax, Gyula"]
[Black "Greenfeld, Alon"]
[Result "1-0"]
[WhiteElo "2560"]
[BlackElo "2385"]

1.e4 e5 2.Nf3 Nc6 3.Bb5 a6 4.Ba4 Nf6 5.O-O Be7 6.Re1 b5 7.Bb3 d6 8.c3 O-O
9.h3 Bb7 10.d4 Re8 11.a4 h6 12.Nbd2 Bf8 13.Bc2 exd4 14.cxd4 Nb4 15.Bb1 c5
16.d5 g6 17.Nf1 Bg7 18.Ng3 Nd7 19.Ra3 Nb6 20.axb5 axb5 21.h4 Nc4 22.Rxa8 Bxa8
23.h5 Nxb2 24.Bxb2 Bxb2 25.hxg6 fxg6 26.e5 Bxd5 27.Bxg6 Rxe5 28.Nxe5 Bxe5
29.Be4 Bf7 30.Qg4+ Kh8 31.Re3 Qg5 32.Qd7 Bg8 33.Qe8 Bd4 34.Rf3 Nd5 35.Rf5 Nf6
36.Qf8 Qc1+ 37.Kh2 Nxe4 38.Nxe4 Be5+ 39.f4 Bg7 40.Qxd6 c4 41.Rxb5 Qe1 42.Ng3 c3
43.Rb8  1-0

[Event "Luzern ol (Men)"]
[Site "Luzern"]
[Date "1982.??.??"]
[Round "4"]
[White "Gruenfeld, Yehuda"]
[Black "Frey, Kenneth"]
[Result "1-0"]
[WhiteElo "2480"]
[BlackElo "2460"]

1.e4 e5 2.Nf3 Nc6 3.Bb5 a6 4.Ba4 Nf6 5.O-O Be7 6.Re1 b5 7.Bb3 d6 8.c3 O-O
9.h3 Bb7 10.d4 Re8 11.a4 h6 12.Nbd2 Bf8 13.Bc2 exd4 14.cxd4 Nb4 15.Bb1 c5
16.d5 bxa4 17.Rxa4 Bc8 18.Ra3 Bd7 19.Nf1 Bb5 20.Ng3 Ra7 21.Nf5 Bd7 22.N3h4 Nh7
23.Rg3 Kh8 24.b3 Bxf5 25.Nxf5 f6 26.Qg4 Nxd5 27.Qg6 Re5 28.f4 Rxf5  1-0

[Event "Luzern ol (Men)"]
[Site "Luzern"]
[Date "1982.??.??"]
[Round "4"]
[White "Ljubojevic, Ljubomir"]
[Black "Karpov, Anatoly"]
[Result "1/2-1/2"]
[WhiteElo "2615"]
[BlackElo "2700"]

1.e4 e5 2.Nf3 Nc6 3.Bb5 a6 4.Ba4 Nf6 5.O-O Be7 6.Re1 b5 7.Bb3 O-O 8.c3 d6
9.h3 Bb7 10.d4 Re8 11.a4 h6 12.d5 Na5 13.Ba2 c6 14.Na3 Qc7 15.Nh4 cxd5 16.exd5 Nc4
17.Nf5 Bxd5 18.axb5 axb5 19.Nxb5 Qd7 20.Nxe7+ Rxe7 21.b3 Rxa2 22.Rxa2 Qxb5
23.bxc4 Qxc4 24.Rd2 Qxc3 25.Re3 Qc6 26.Red3 Rc7 27.Bb2 Qb6 28.Kh2 Rc4 29.Ba3 Qa6
30.Qb3 Qc6 31.f3 e4 32.fxe4 Be6 33.Rxd6 Qxe4 34.Rd8+ Kh7 35.Qd3 Qxd3 36.R2xd3 Rc2
37.Rd2 Rxd2 38.Rxd2 Nd5 39.Re2 Nf4 40.Re4 Nd5 41.Re5 Nb6 42.Bb4 Nd5 43.Bc5 Nf4
44.Bd4 Nd5 45.Kg3 Ne7 46.Bc5 Nf5+ 47.Kf2 h5 48.Bb4 Kg6 49.Bc3 Bd7 50.Rc5 f6
51.Kf3 Be6 52.Be1 Bb3 53.Ke4 Nd6+ 54.Kf4 Nf7 55.Bf2 Ng5 56.Ra5 Bc4 57.Be3 Bf1
58.Kg3 Ne6 59.Ra1 Bd3 60.Kh4 Be4 61.Ra2 Bd5 62.Rc2 Bb7 63.Rb2 Bd5 64.Rb6 Kf7
65.Kg3 Be4 66.Ra6 Bd3 67.Ra5 Kg6 68.Kf3 Bf1 69.Rd5 Bc4 70.Rd6 Kf5 71.Rd7 Bb3
72.Ba7 Bc4  1/2-1/2

[Event "Luzern ol (Men)"]
[Site "Luzern"]
[Date "1982.??.??"]
[Round "6"]
[White "Unzicker, Wolfgang"]
[Black "Smejkal, Jan"]
[Result "0-1"]
[WhiteElo "2465"]
[BlackElo "2565"]

1.e4 e5 2.Nf3 Nc6 3.Bb5 a6 4.Ba4 Nf6 5.O-O Be7 6.Re1 b5 7.Bb3 d6 8.c3 O-O
9.h3 Bb7 10.d4 Re8 11.Nbd2 Bf8 12.Bc2 Nb8 13.b4 Nbd7 14.a4 Nb6 15.a5 Nbd7
16.Bb2 Rb8 17.Rb1 Ba8 18.Ba1 g6 19.Bd3 exd4 20.cxd4 c5 21.Bc3 d5 22.e5 c4
23.Bc2 Ne4 24.Nxe4 dxe4 25.Bxe4 Bxe4 26.Rxe4 Nf6 27.Re1 Nd5 28.Qc2 Qd7 29.Nd2 f5
30.Nf1 Rbd8 31.Red1 f4 32.Nh2 Qf5 33.Qb2 Rd7 34.Nf3 g5 35.Be1 Rg7 36.Nh2 h5
37.f3 Rd8 38.Rbc1 Rgd7 39.Nf1 Rc8 40.Bc3 Rg7 41.Nh2 Be7 42.Qd2 Rc6 43.Qe1 Rcg6
44.Bd2 Kf7 45.Rb1 Ke6 46.Rbc1 Rh6 47.Qe4 Rg8 48.Be1 Rc8 49.Qe2 Rhh8 50.Bc3 Rh6
51.Rc2 Rg8 52.Rcc1 Qf8 53.Nf1 g4 54.fxg4 hxg4 55.hxg4 Rh4 56.Nd2 Qh6 57.Qe4 Qh7  0-1

[Event "Luzern ol (Men)"]
[Site "Luzern"]
[Date "1982.??.??"]
[Round "7"]
[White "Zhang Weida"]
[Black "Greenfeld, Alon"]
[Result "0-1"]
[WhiteElo "2270"]
[BlackElo "2385"]

1.e4 e5 2.Nf3 Nc6 3.Bb5 a6 4.Ba4 Nf6 5.O-O Be7 6.Re1 b5 7.Bb3 d6 8.c3 O-O
9.h3 Bb7 10.d4 Re8 11.Nbd2 Bf8 12.a3 h6 13.Bc2 Nb8 14.b4 Nbd7 15.Bb2 c5 16.bxc5 exd4
17.cxd6 dxc3 18.Bxc3 Bxd6 19.e5 Nd5 20.Bb2 Bc7 21.Nb3 Nf4 22.Be4 Bxe4 23.Rxe4 Ne6
24.Qe2 Ndf8 25.Rd1 Qb8 26.Nfd4 Qb7 27.Nf5 Ng6 28.h4 Rad8 29.Nd6 Nef4 30.Qf3 Bxd6
31.Rxd6 Rxd6 32.Nc5 Rd1+ 33.Qxd1 Qc6 34.Qd6 Rc8 35.Qxc6 Rxc6 36.Bd4 Ne6 37.Nxe6 fxe6
38.h5 Ne7 39.Be3 Nd5 40.Bd2 Rc2 41.Rd4 Ra2 42.Bb4 a5 43.Bd6 Rb2 44.g3 Kh7
45.g4 b4 46.axb4 axb4 47.Rd3 Rc2 48.Rb3 Rc3 49.Rxc3 bxc3 50.Kf1 c2 51.Ba3 Nf4
52.Ke1 Nd3+ 53.Kd2 Nxe5 54.Kxc2 Nxg4 55.Bc5 Nf6 56.Kd3 Nxh5 57.Ke4 Nf6+  0-1

[Event "Luzern ol (Men)"]
[Site "Luzern"]
[Date "1982.??.??"]
[Round "11"]
[White "Tal, Mihail"]
[Black "Rubinetti, Jorge A"]
[Result "1-0"]
[WhiteElo "2610"]
[BlackElo "2415"]

1.e4 e5 2.Nf3 Nc6 3.Bb5 a6 4.Ba4 Nf6 5.O-O Be7 6.Re1 b5 7.Bb3 d6 8.c3 O-O
9.h3 Bb7 10.d4 Re8 11.a4 h6 12.Nbd2 Bf8 13.Bc2 Rb8 14.axb5 axb5 15.Bd3 b4
16.Bb5 bxc3 17.bxc3 Nd7 18.Ba3 Ra8 19.Qc2 Ncb8 20.dxe5 dxe5 21.Bxf8 Rxf8
22.Rxa8 Bxa8 23.Qa2 Bc6 24.Rb1 Qf6 25.Bxc6 Qxc6 26.Qa5 Re8 27.Rb5 Qa6 28.Nc4 Qxa5
29.Rxa5 f6 30.Nh4 Re6 31.Ne3 Ra6 32.Rd5 Ra1+ 33.Kh2 Rc1 34.c4 Kf7 35.Rb5 g6
36.Nf3 h5 37.g4 hxg4 38.hxg4 Na6 39.Rb7 Ndc5 40.Ra7 Ra1 41.Nd5 Ra2 42.Nxc7 Nb4
43.Rxa2 Nxa2 44.Nd2 f5 45.Nb5 fxg4 46.Kg3 Nc1 47.Kxg4 N1d3 48.f3 Kf6 49.Nc3 Nf2+
50.Kh4 Kg7 51.Nf1 Kh6 52.Ne3 g5+ 53.Kg3 Nfd3 54.Ncd5 Kg6 55.Ne7+ Kf7 56.Nc6 Kf6
57.Nd5+ Kg6 58.Ndb4 Kf6 59.Nxd3 Nxd3 60.Na5 Nc5 61.Kg4 Kg6 62.Nc6 Nd3 63.Ne7+ Kf6
64.Nd5+ Kg6 65.Ne3 Nf2+ 66.Kg3 Nd3 67.Ng4 Kf7 68.Nf2 Nc5 69.Kh3 Kf6 70.Kg2 Ke6
71.Kg3 Kf7 72.Nd1 Nd3 73.Nc3 Nc5 74.Nb5 Kg6 75.Nc7 Kh5 76.Nd5 Kg6 77.Kf2 g4
78.fxg4 Nxe4+ 79.Ke3 Nc5 80.Nc3 Kf7 81.Ne4 Ne6 82.Kd3 Nf4+ 83.Kc3 Ng2 84.c5 Ne3
85.g5 Ke6 86.c6 Nd5+ 87.Kc4 Ne7 88.Kc5 Nc8 89.g6 Ne7 90.c7 Kd7 91.Kb6 Ke8
92.Nf6+ Kf8 93.Kb7  1-0

[Event "Luzern ol (Men)"]
[Site "Luzern"]
[Date "1982.??.??"]
[Round "13"]
[White "Aldrete, Jorge"]
[Black "Sygulski, Artur"]
[Result "0-1"]
[WhiteElo "2410"]
[BlackElo "2410"]

1.e4 e5 2.Nf3 Nc6 3.Bb5 a6 4.Ba4 Nf6 5.O-O Be7 6.Re1 b5 7.Bb3 O-O 8.c3 d6
9.h3 Bb7 10.d3 Na5 11.Bc2 c5 12.Nbd2 g6 13.Nf1 Nh5 14.Bh6 Re8 15.Qd2 Bf8
16.g4 Bxh6 17.Qxh6 Nf4 18.Kh2 Qf6 19.Ng3 Qg7 20.Qxg7+ Kxg7 21.Ne2 Nxe2 22.Rxe2 d5
23.exd5 Bxd5 24.Kg3 Nc6 25.a3 f5 26.gxf5 gxf5 27.Nd2 Kf6 28.f3 Rg8+ 29.Kf2 Rg6
30.Rg1 Rh6 31.Rh1 Rg8 32.Ree1 Rh4 33.Reg1 Rg6 34.Rg2 Rgh6 35.Rgh2 c4 36.Kg3 Ne7
37.Rd1 f4+ 38.Kg2 Nf5 39.Nf1 Rg6+ 40.Kf2 Rg3 41.dxc4 Rxf3+ 42.Ke2 Rxf1 43.cxd5 Ng3+
44.Kd2 e4 45.b3 Ke5 46.c4 bxc4 47.bxc4 Rxd1+ 48.Kxd1 e3 49.Bd3 f3  0-1

[Event "Luzern ol (Men)"]
[Site "Luzern"]
[Date "1982.??.??"]
[Round "14"]
[White "Lobron, Eric"]
[Black "Gligoric, Svetozar"]
[Result "1-0"]
[WhiteElo "2470"]
[BlackElo "2530"]

1.e4 e5 2.Nf3 Nc6 3.Bb5 a6 4.Ba4 Nf6 5.O-O Be7 6.Re1 b5 7.Bb3 d6 8.c3 O-O
9.h3 Bb7 10.d4 Re8 11.Ng5 Rf8 12.Nf3 Re8 13.a4 h6 14.Nbd2 Bf8 15.Bc2 Rb8
16.d5 Ne7 17.b3 c6 18.c4 Ng6 19.Bd3 bxc4 20.bxc4 Qc7 21.Bf1 Bc8 22.Nb3 cxd5
23.cxd5 Rb4 24.Nbd2 Bd7 25.Re3 a5 26.Ne1 Nf4 27.Kh2 Reb8 28.g3 Ng6 29.Nd3 Rd4
30.Ra2 h5 31.Bb2 h4 32.Bxd4 exd4 33.Re1 hxg3+ 34.fxg3 Ne5 35.Qc1 Qd8 36.Qa1 Nh5
37.Qxd4 Nxg3 38.Kxg3 Qg5+ 39.Kh2 Qxd2+ 40.Rxd2 Nf3+ 41.Kg2 Nxd4 42.Rb2 Ra8
43.Rc1 g6 44.Rc4 Bg7 45.Rb6 Bc8 46.Rxd6 Ba6 47.Rxa6 Rxa6 48.e5 Nf5 49.Rc8+ Kh7
50.d6 Nxd6 51.exd6 Rxd6 52.Rc5 Ra6 53.Ne5 Ra7 54.Nc6 Rc7 55.Rc4 Rb7 56.Nxa5 Rb2+
57.Kf3 Ra2 58.Nc6 Ra3+ 59.Kf2 Bc3 60.Rf4 f5 61.Bb5 Bd2 62.Rf3 Ra2 63.Rd3 Kh6
64.Ke2 Ba5+ 65.Kd1 Bb6 66.Kc1 f4 67.Kb1 Rg2 68.Rf3 Bc7 69.Bf1 Rg5 70.Kc2 Kh5
71.Kb3 Kh4 72.Kc4 Rg3 73.Nd4 Rxf3 74.Nxf3+ Kg3 75.Ng5 f3 76.Kd4 Bd8 77.Ne4+ Kf4
78.Kd3 Bb6 79.Nf6 Ba5 80.Ng4 Bb6 81.Kc4  1-0

[Event "Minsk"]
[Site "Minsk"]
[Date "1982.??.??"]
[Round "?"]
[White "Kuzmin, Gennadi P"]
[Black "Balashov, Yuri S"]
[Result "1-0"]
[WhiteElo "2545"]
[BlackElo "2595"]

1.e4 e5 2.Nf3 Nc6 3.Bb5 a6 4.Ba4 Nf6 5.O-O Be7 6.Re1 b5 7.Bb3 O-O 8.c3 d6
9.h3 Bb7 10.d3 Na5 11.Bc2 c5 12.Nbd2 Re8 13.Nf1 Rc8 14.Ng3 g6 15.a3 Bf8 16.b4 Nc6
17.Bb3 Nb8 18.Qe2 cxb4 19.cxb4 Bg7 20.Qa2 Qd7 21.Bd2 Nc6 22.Rad1 h6 23.Nh4 d5
24.Be3 Nd4 25.Bxd4 exd4 26.e5 Nh7 27.f4 g5 28.Nhf5 gxf4 29.Nxg7 Kxg7 30.Nh5+ Kh8
31.Qf2 Qf5 32.Nxf4 Rxe5 33.Qxd4 f6 34.Rf1 Rg8 35.Rc1 Qg5 36.Rc7 Ba8 37.Bd1 Qg3
38.Qf2 Qxf2+ 39.Kxf2 Ng5 40.Bg4 d4 41.Rfc1 h5 42.Rc8  1-0

[Event "Minsk"]
[Site "Minsk"]
[Date "1982.??.??"]
[Round "?"]
[White "Kuzmin, Gennadi P"]
[Black "Tseshkovsky, Vitaly"]
[Result "1/2-1/2"]
[WhiteElo "2545"]
[BlackElo "2595"]

1.e4 e5 2.Nf3 Nc6 3.Bb5 a6 4.Ba4 Nf6 5.O-O Be7 6.Re1 b5 7.Bb3 O-O 8.c3 d6
9.h3 Bb7 10.d4 Re8 11.Ng5 Rf8 12.Nf3 Re8 13.Nbd2 Bf8 14.a3 h6 15.Bc2 Nb8
16.b3 Nbd7 17.Bb2 Nb6  1/2-1/2

[Event "Minsk"]
[Site "Minsk"]
[Date "1982.??.??"]
[Round "?"]
[White "Tseshkovsky, Vitaly"]
[Black "Balashov, Yuri S"]
[Result "0-1"]
[WhiteElo "2595"]
[BlackElo "2595"]

1.e4 e5 2.Nf3 Nc6 3.Bb5 a6 4.Ba4 Nf6 5.O-O Be7 6.Re1 b5 7.Bb3 O-O 8.c3 d6
9.h3 Bb7 10.d4 Re8 11.a4 h6 12.Nbd2 Bf8 13.Bc2 exd4 14.cxd4 Nb4 15.Bb1 c5
16.b3 cxd4 17.Nxd4 bxa4 18.Rxa4 a5 19.Bb2 g6 20.Bc3 Rc8 21.Bxb4 axb4 22.Rxb4 Ba8
23.Ra4 Bg7 24.Bd3 Qb6 25.Ba6 Rcd8 26.Bb5 Re7 27.Qa1 Ne8 28.Nc4 Qb8 29.Rxa8 Qxa8
30.Qxa8 Rxa8 31.Nc6 Rb7 32.Ba4 Rc7 33.Bb5 Rac8 34.N4a5 Bc3 35.Rd1 Bxa5 36.Nxa5 Rc1
37.Rf1 Nf6 38.Nc4 Rxf1+ 39.Kxf1 Nxe4 40.f3 Nc3 41.Ba6 Ra8  0-1

[Event "Minsk"]
[Site "Minsk"]
[Date "1982.??.??"]
[Round "?"]
[White "Tseshkovsky, Vitaly"]
[Black "Dydyshko, Viacheslav"]
[Result "1/2-1/2"]
[WhiteElo "2595"]
[BlackElo "2450"]

1.e4 e5 2.Nf3 Nc6 3.Bb5 a6 4.Ba4 Nf6 5.O-O Be7 6.Re1 b5 7.Bb3 d6 8.c3 O-O
9.h3 Bb7 10.d4 Re8 11.Nbd2 Bf8 12.a3 h6 13.Bc2 Nb8 14.b4 Nbd7 15.Bb2 g6 16.Qb1 Rc8
17.c4 exd4 18.cxb5 axb5 19.Nxd4 c6 20.a4 bxa4 21.Bxa4 d5 22.exd5 Rxe1+ 23.Qxe1 Nxd5
24.Ne6 Qe7 25.Nxf8 Qxe1+ 26.Rxe1 Nxf8 27.Bb3 Ne6 28.Ne4 Rd8 29.Ra1 Ra8 30.Rd1 Rd8
31.b5 Nb6 32.Rc1 Nf4 33.Ra1 cxb5 34.Nf6+ Kf8 35.Ra7 Bd5 36.Nxd5 Nbxd5 37.Rb7 b4
38.Kf1 Ne6 39.Bxd5 Rxd5 40.Bf6 Ke8 41.Rxb4  1/2-1/2

[Event "Sarajevo"]
[Site "Sarajevo"]
[Date "1982.??.??"]
[Round "?"]
[White "Beliavsky, Alexander G"]
[Black "Smejkal, Jan"]
[Result "1/2-1/2"]
[WhiteElo "2615"]
[BlackElo "2570"]

1.e4 e5 2.Nf3 Nc6 3.Bb5 a6 4.Ba4 Nf6 5.O-O Be7 6.Re1 b5 7.Bb3 d6 8.c3 O-O
9.h3 Bb7 10.d4 Re8 11.a4 h6 12.Nbd2 Bf8 13.Bc2 exd4 14.cxd4 Nb4 15.Bb1 Qd7
16.e5 dxe5 17.dxe5 Nh7 18.axb5 Qxb5 19.Qb3 Rad8 20.Ra3 Bd5 21.Qc3 Bc5 22.Ne4 Bxe4
23.Bxe4 Qb6 24.Be3 Bxe3 25.Qxe3 Qxe3 26.Rexe3 Ng5 27.Nxg5 hxg5 28.Ra5 Rd4
29.f3 c6 30.Rb3 Rb8 31.e6 fxe6 32.Rxg5 Rb5 33.Rg4 Rd1+ 34.Kh2 Nd5 35.Ra3 Nf6
36.Rg3 Nxe4 37.fxe4 a5 38.Rg6 Kf7 39.Rag3 Ke7 40.Rxg7+ Kd6 41.b3 Rb1 42.h4 R1xb3
43.Rxb3 Rxb3 44.h5 Rb8 45.Ra7 c5 46.Rxa5 Rc8 47.g4 c4 48.h6 Ke7 49.h7 Kf6
50.Rc5 Rh8 51.Rc7 Kg6 52.Kg3 Rxh7 53.Rxc4 Kf6 54.Rc5 Rh1 55.g5+ Ke7 56.Ra5 Rg1+
57.Kf4 Kf7 58.Ra7+  1/2-1/2

[Event "Sarajevo"]
[Site "Sarajevo"]
[Date "1982.??.??"]
[Round "?"]
[White "Sax, Gyula"]
[Black "Smejkal, Jan"]
[Result "1/2-1/2"]
[WhiteElo "2550"]
[BlackElo "2570"]

1.e4 e5 2.Nf3 Nc6 3.Bb5 a6 4.Ba4 Nf6 5.O-O Be7 6.Re1 b5 7.Bb3 d6 8.c3 O-O
9.h3 Bb7 10.d3 Nb8 11.Nbd2 Nbd7 12.Nf1 Nc5 13.Bc2 Re8 14.Ng3 Bf8 15.b4 Ncd7
16.Bd2 d5 17.Bb3 c5 18.a3 Qc7 19.exd5 Bxd5 20.Ne4 Bxb3 21.Qxb3 Nxe4 22.Rxe4 Nf6
23.Re2 Rad8 24.c4 cxb4 25.Bxb4 bxc4  1/2-1/2

[Event "Smederevska Palanka"]
[Site "Smederevska Palanka"]
[Date "1982.??.??"]
[Round "7"]
[White "Matulovic, Milan"]
[Black "Smejkal, Jan"]
[Result "1-0"]
[WhiteElo "2460"]
[BlackElo "2570"]

1.e4 e5 2.Nf3 Nc6 3.Bb5 a6 4.Ba4 Nf6 5.O-O Be7 6.Re1 b5 7.Bb3 d6 8.c3 O-O
9.h3 Bb7 10.d4 Re8 11.Nbd2 Bf8 12.a3 h6 13.Ba2 Nb8 14.Qb3 Qd7 15.Qc2 c5 16.b4 c4
17.d5 a5 18.Nf1 Qc7 19.Ng3 Nbd7 20.Bd2 axb4 21.axb4 g6 22.Re2 Nb6 23.Rf1 Bg7
24.Bb1 Ra1 25.Qc1 Rea8 26.Ne1 h5 27.Nc2 R1a6 28.Bh6 Bh8 29.f4 h4 30.fxe5 dxe5
31.Nf5 Na4 32.Ne1 Nh5 33.d6 Rxd6 34.Nxd6 Qxd6 35.Rd2 Qb6+ 36.Kh2 Ng3 37.Rf3 Qe6
38.Qd1 Nxe4 39.Rd8+ Kh7 40.Rxf7+ Kxh6 41.Rdd7 Ng5 42.Qd2 Qxf7 43.Rxf7 e4
44.Qf4 Be5 45.Qxe5 Nxf7 46.Qf6 Bd5 47.Nc2 Ng5 48.Qf4 Nxc3 49.Qxh4+ Kg7 50.Qxg5 Re8
51.Ne3 Bf7 52.Bc2 Re6 53.h4 Kf8 54.Qd8+ Be8 55.Qd4 Ne2 56.Qc5+  1-0

[Event "Turin"]
[Site "Turin"]
[Date "1982.??.??"]
[Round "2"]
[White "Ljubojevic, Ljubomir"]
[Black "Karpov, Anatoly"]
[Result "1-0"]
[WhiteElo "2600"]
[BlackElo "2720"]

1.e4 e5 2.Nf3 Nc6 3.Bb5 a6 4.Ba4 Nf6 5.O-O Be7 6.Re1 b5 7.Bb3 O-O 8.c3 d6
9.h3 Bb7 10.d4 Nd7 11.Nbd2 Bf6 12.Nf1 Re8 13.Ng3 g6 14.Bh6 Na5 15.Bc2 c5
16.d5 Nc4 17.Qc1 Bg7 18.a4 Ncb6 19.a5 Nc8 20.c4 Bxh6 21.Qxh6 Qf6 22.Ne2 Ne7
23.Nc3 b4 24.Ba4 Bc8 25.Bc6 Nxc6 26.dxc6 bxc3 27.cxd7 Bxd7 28.bxc3 Qe7 29.Red1 Red8
30.Rab1 Ba4 31.Rd2 Rab8 32.Rdb2 Rxb2 33.Rxb2 f6 34.Rb6 Qc7 35.Nh2 Bc6 36.Ng4 Rf8
37.f3 f5 38.exf5 Rxf5 39.Qd2 Kg7 40.Rxa6 e4 41.fxe4 Rf7 42.e5 Qc8 43.Qh6+ Kh8
44.e6 Rg7 45.Rb6  1-0

[Event "Varna"]
[Site "Varna"]
[Date "1982.??.??"]
[Round "10"]
[White "Stefanov, Parik"]
[Black "Pokojowczyk, Jerzy"]
[Result "1/2-1/2"]
[WhiteElo "2350"]
[BlackElo "2450"]

1.e4 e5 2.Nf3 Nc6 3.Bb5 a6 4.Ba4 Nf6 5.O-O Be7 6.Re1 b5 7.Bb3 d6 8.c3 O-O
9.h3 Bb7 10.d4 Re8 11.Bc2 g6 12.d5 Nb8  1/2-1/2

[Event "JUG-ch"]
[Site "Vrbas"]
[Date "1982.??.??"]
[Round "?"]
[White "Ljubojevic, Ljubomir"]
[Black "Gligoric, Svetozar"]
[Result "1/2-1/2"]
[WhiteElo "2600"]
[BlackElo "2535"]

1.e4 e5 2.Nf3 Nc6 3.Bb5 a6 4.Ba4 Nf6 5.O-O Be7 6.Re1 b5 7.Bb3 d6 8.c3 O-O
9.h3 Bb7 10.d4 Re8 11.a4 h6 12.Nbd2 Bf8 13.Bc2 Rb8 14.d5 Ne7 15.b3 c6 16.c4 Ng6
17.Nf1 Qc7 18.Be3 bxc4 19.bxc4 a5 20.Bd2  1/2-1/2

[Event "Yerevan zt"]
[Site "Yerevan"]
[Date "1982.??.??"]
[Round "3"]
[White "Romanishin, Oleg M"]
[Black "Zaitsev, Igor A"]
[Result "1-0"]
[WhiteElo "2580"]
[BlackElo "2465"]

1.e4 e5 2.Nf3 Nc6 3.Bb5 a6 4.Ba4 Nf6 5.O-O Be7 6.Re1 b5 7.Bb3 d6 8.c3 O-O
9.h3 Bb7 10.d4 Rc8 11.Nbd2 exd4 12.cxd4 Nb4 13.Qe2 c5 14.a3 c4 15.axb4 cxb3
16.d5 Re8 17.Qd3 Nd7 18.Nxb3 Bf6 19.Na5 Ba8 20.Re2 Nb6 21.Be3 Nc4 22.Bd4 h6
23.Rc2 Bxd4 24.Nxd4 Qh4 25.Nf5 Qf4 26.Nxc4 bxc4 27.Qd4 Re5 28.g3 Qf3 29.Rc3 Rxf5
30.Rxf3 Rxf3  1-0

[Event "Yerevan zt"]
[Site "Yerevan"]
[Date "1982.??.??"]
[Round "5"]
[White "Geller, Efim P"]
[Black "Zaitsev, Igor A"]
[Result "1-0"]
[WhiteElo "2545"]
[BlackElo "2465"]

1.e4 e5 2.Nf3 Nc6 3.Bb5 a6 4.Ba4 Nf6 5.O-O Be7 6.Re1 b5 7.Bb3 d6 8.c3 O-O
9.h3 Bb7 10.d4 Re8 11.Nbd2 Bf8 12.Bc2 h6 13.d5 Nb8 14.b3 c6 15.c4 Nbd7 16.a4 bxc4
17.bxc4 a5 18.Nb3 Nb6 19.Bd3 Qd7 20.Bd2 Nxa4 21.Bf1 cxd5 22.exd5 Ra7 23.Ra3 Ba8
24.Qa1 Rb8 25.Rxa4 Rxb3 26.Be3 Rc7 27.Rxa5 Bb7 28.Nd2 Rxe3 29.Rxe3 Qc8 30.Rb3 Nd7
31.Rbb5  1-0

[Event "Yerevan zt"]
[Site "Yerevan"]
[Date "1982.??.??"]
[Round "14"]
[White "Tseshkovsky, Vitaly"]
[Black "Dorfman, Josif D"]
[Result "0-1"]
[WhiteElo "2595"]
[BlackElo "2510"]

1.e4 e5 2.Nf3 Nc6 3.Bb5 a6 4.Ba4 Nf6 5.O-O Be7 6.Re1 b5 7.Bb3 d6 8.c3 O-O
9.h3 Bb7 10.d4 Re8 11.Nbd2 Bf8 12.Bc2 Nb8 13.b3 Nbd7 14.Bb2 g6 15.a4 Bg7
16.Bd3 c6 17.Bf1 Qc7 18.Ra2 d5 19.axb5 cxb5 20.exd5 Nxd5 21.c4 Nb4 22.Ra1 e4
23.Ng5 Nd3 24.Bxd3 exd3 25.Ngf3 Rab8 26.Rb1 Nb6 27.Rc1 Qd7 28.Ba1 Rxe1+ 29.Nxe1 Bxd4
30.Bxd4 Qxd4 31.c5 Nd5 32.c6 Ba8 33.Ndf3 Qf6 34.Nxd3 Bxc6 35.Nde5 Ne7 36.Ng4 Qf4
37.Rxc6 Nxc6 38.Qa1 h5 39.Nf6+ Kf8 40.Nd7+ Ke7 41.Nxb8 Nxb8 42.Qe1+ Kf8 43.Qc3 Ke7
44.g3 Qd6 45.Qe3+ Kf8 46.Qh6+ Kg8 47.Ng5 Qf6 48.Qh7+ Kf8 49.Qh6+ Ke8 50.Ne4 Qa1+
51.Kg2 Qe5 52.Qe3 Nd7 53.g4 Kf8 54.f4 Qd5 55.Kg3 Qe6 56.Qd3 hxg4 57.hxg4 Nf6
58.Nxf6 Qxf6 59.b4 Kg8 60.g5 Qb2 61.Qd8+ Kg7 62.Qd6 Qb3+ 63.Kf2 Kh7 64.Qf8 Qc4
65.Ke3 a5 66.bxa5 b4 67.a6 b3 68.Qb8 Qc1+ 69.Kf2 b2 70.a7 b1=Q 71.Qxb1 Qxf4+
72.Ke2 Qg4+ 73.Kf2 Qd4+ 74.Kf3 Qxa7 75.Qb5 Qd4 76.Qb7 Qd3+ 77.Kg4 Qf5+ 78.Kh4 Qf2+
79.Kg4 Qg1+ 80.Kh3 Qe3+ 81.Kg4 Qe6+ 82.Kg3 Kg7 83.Qb2+ Kf8 84.Qb8+ Ke7 85.Qc7+ Ke8
86.Qb8+ Kd7 87.Qb7+ Kd6 88.Qb6+ Kd5 89.Qb3+ Kc5 90.Qa3+ Kb5 91.Qb2+ Kc6 92.Qc3+ Kd7
93.Qc1 Qe5+ 94.Kg4 Qd4+ 95.Kg3 Ke7 96.Kf3 Kd8 97.Qc2 Ke7 98.Qc7+ Ke6 99.Qc8+ Qd7
100.Qc1 Qd3+ 101.Kf4 Qd4+ 102.Kg3 Kf5  0-1

[Event "Mexico m"]
[Site "Mexico"]
[Date "1983.08.23"]
[Round "3"]
[White "Sisniega, Marcel"]
[Black "Frey, Kenneth"]
[Result "0-1"]
[WhiteElo "2485"]
[BlackElo "2480"]

1.e4 e5 2.Nf3 Nc6 3.Bb5 a6 4.Ba4 Nf6 5.O-O Be7 6.Re1 b5 7.Bb3 d6 8.c3 O-O
9.h3 Bb7 10.d4 Re8 11.Nbd2 Bf8 12.Bc2 g6 13.a4 exd4 14.cxd4 Nb4 15.Bb1 c5
16.d5 Nd7 17.a5 c4 18.Nf1 Nc5 19.Bg5 Be7 20.Bxe7 Qxe7 21.Ng3 Qf6 22.Re2 Bc8
23.Ne1 Nb3 24.Ra3 Qd4 25.Qxd4 Nxd4 26.Ree3 Bd7 27.Kf1 f5 28.Ne2 Nxe2 29.Rxe2 fxe4
30.Bxe4 Rac8 31.Rae3 Rc5 32.Rd2 Kg7 33.Nf3 Bf5 34.Ng5 h6 35.Bxf5 Rxe3 36.fxe3 hxg5
37.Be4 Na2 38.Bb1 Nc1 39.Bc2 b4 40.Rd1 Na2 41.b3 cxb3  0-1

[Event "Bayamo"]
[Site "Bayamo"]
[Date "1983.??.??"]
[Round "?"]
[White "Sisniega, Marcel"]
[Black "Frey, Kenneth"]
[Result "1-0"]
[WhiteElo "2455"]
[BlackElo "2380"]

1.e4 e5 2.Nf3 Nc6 3.Bb5 a6 4.Ba4 Nf6 5.O-O Be7 6.Re1 b5 7.Bb3 d6 8.c3 O-O
9.h3 Bb7 10.d4 Re8 11.Nbd2 Bf8 12.Bc2 g6 13.a4 exd4 14.cxd4 Nb4 15.Bb1 c5
16.d5 Bg7 17.Nf1 bxa4 18.Rxa4 a5 19.Ra3 Ba6 20.Ng3 Qc7 21.Nh4 c4 22.Ngf5 Bh8
23.Nh6+ Kf8 24.Rf3 Re5 25.g4 Bg7 26.Bf4 Nd3 27.Bxd3 cxd3 28.Bxe5 dxe5 29.g5 Bxh6
30.gxh6 Nh5 31.Ng2 Rb8 32.Rxd3 Bxd3 33.Qxd3 Rxb2 34.Qa3+ Rb4 35.Rc1 Qb6 36.Rc6 Qb5
37.Qc3 Rxe4 38.d6 Nf6 39.Rc8+  1-0

[Event "Bayamo"]
[Site "Bayamo"]
[Date "1983.??.??"]
[Round "?"]
[White "Garcia, Gildardo"]
[Black "Rivas Pastor, Manuel"]
[Result "0-1"]
[WhiteElo "2415"]
[BlackElo "2465"]

1.e4 e5 2.Nf3 Nc6 3.Bb5 a6 4.Ba4 Nf6 5.O-O Be7 6.Re1 b5 7.Bb3 O-O 8.c3 d6
9.h3 Bb7 10.d4 Re8 11.Ng5 Rf8 12.Nf3 Re8 13.Nbd2 Bf8 14.a4 h6 15.Bc2 exd4
16.cxd4 Nb4 17.Bb1 c5 18.Ra3 cxd4 19.Nxd4 Qb6 20.Nf5 g6 21.Rg3 Kh7 22.Nh4 Re6
23.axb5 axb5 24.Qb3 d5 25.e5 Ne4 26.Nxe4 dxe4 27.Bxe4 Bxe4 28.Rxe4 Ra1 29.Re1 Qd8
30.Nxg6 Rxg6 31.Qxf7+ Rg7 32.Rxg7+ Bxg7 33.e6 Qd5 34.Bd2 Rxe1+ 35.Bxe1 Nc6
36.Bc3 Qg5 37.Qc7 Ne7 38.g3 Bxc3 39.bxc3 Kg6 40.Kh2 Kf6 41.Qb6 Qe5 42.h4 Nf5
43.Qd8+ Kxe6 44.c4 b4 45.Qc8+ Kf7 46.Qb7+ Qe7 47.Qd5+ Kf6 48.c5 Qe6 49.Qb7 b3
50.c6 Nd6 51.Qb6 Ke7 52.Qc7+ Ke8 53.Qb6 Nc8 54.Qd4 Nd6 55.Qb6 h5 56.Kg1 Ke7
57.Qc7+ Kf6 58.Qd8+ Ke5 59.Qb8 Ke4 60.c7 Kd3 61.Kh2 Qf7 62.Qd8 Qxf2+ 63.Kh3 Qd4
64.Qxd6 Qxd6 65.c8=Q Qd5 66.Qa6+ Kd2 67.Qh6+ Kd1  0-1